000 00778nam a2200289Ia 4500
005 20260324134344.0
008 008 260324s9999 xx 000 0 eng d
020 _a9780429179266
037 _aEBOOK
040 _aCRL
040 _beng
040 _cCRL
041 _2eng
041 _aeng
084 _qCRL
100 _aHans J. Engelbert; Marc Yor; Rainer Buckdahn
_91196505
245 0 _aStochastic Processes and Related Topics
245 0 _bProceedings of the 12th Winter School, Siegmundsburg (Germany), February 27-March 4, 2000
260 _bTaylor and Francis
260 _c2002
365 _a
365 _b260
856 _uhttp://www.taylorfrancis.com/books/9780429179266
942 _cEBOOK
999 _c1796523
_d1796523